Progresos recientes en radiología... / (Record no. 93056)

MARC details
000 -LEADER
campo de control de longitud fija 00729nam a2200217 i 4500
001 - NÚMERO DE CONTROL
campo de control 93056
003 - IDENTIFICADOR DE NÚMERO DE CONTROL
campo de control ES-MaACL
005 - FECHA Y HORA DE LA ÚLTIMA TRANSACCIÓN
campo de control 20250901090025.0
007 - CAMPO FIJO DE DESCRIPCIÓN FÍSICA--INFORMACIÓN GENERAL
campo de control de longitud fija t|
008 - DATOS DE LONGITUD FIJA--INFORMACIÓN GENERAL
campo de control de longitud fija 050407s1957 sp ||||1| spa d
100 1# - ENTRADA PRINCIPAL--NOMBRE DE PERSONA
Nombre de persona Lodge, Thomas.
9 (RLIN) 73075
245 10 - MENCIÓN DEL TÍTULO
Título Progresos recientes en radiología... /
Mención de responsabilidad, etc. Thomas Lodge; [traducción directa del inglés por J. Mª Vilaseca y J. L. Infiesta].
250 ## - MENCION DE EDICION
Mención de edición [1ª ed. española].
260 ## - PUBLICACIÓN, DISTRIBUCIÓN, ETC.
Lugar de publicación, distribución, etc. Madrid :
Nombre del editor, distribuidor, etc. Alhambra,
Fecha de publicación, distribución, etc. 1957.
300 ## - DESCRIPCIÓN FÍSICA
Extensión XII, 393 p. :
Otras características físicas 1 lám., il. ;
Dimensiones 22 cm.
650 #7 - PUNTO DE ACCESO ADICIONAL DE MATERIA--TÉRMINO DE MATERIA
Término de materia o nombre geográfico como elemento de entrada Radiología
Fuente del encabezamiento o término embne
9 (RLIN) 140316
700 1# - ENTRADA AGREGADA--NOMBRE PERSONAL
Nombre de persona Vilaseca, J. María.
9 (RLIN) 114836
700 1# - ENTRADA AGREGADA--NOMBRE PERSONAL
Nombre de persona Infiesta Molero, Juan L. de la.
9 (RLIN) 65270
852 ## - LOCALIZACIÓN
Ubicación ES-MaACL
Número de control de estantería C-12170
Sublocalización o colección R.40317
Holdings
Estatus retirado Estado de pérdida Estado de daño No para préstamo Biblioteca de origen Biblioteca actual Ubicación en estantería Fecha de adquisición Fuente de adquisición Total de préstamos Signatura topográfica completa Código de barras Visto por última vez Precio de reemplazo Tipo de ítem Koha
        Biblioteca del Ateneo de Madrid Biblioteca del Ateneo de Madrid Sala Palomar 17/01/2008     C-12170 1097139 23/02/2023 23/02/2023 Libro impreso